<?xml version="1.0" encoding="UTF-8"?>
<record
    xmlns:xsi="http://www.w3.org/2001/XMLSchema-instance"
    xsi:schemaLocation="http://www.loc.gov/MARC21/slim http://www.loc.gov/standards/marcxml/schema/MARC21slim.xsd"
    xmlns="http://www.loc.gov/MARC21/slim">

  <leader>02162nam a2200373   4500</leader>
  <controlfield tag="001">67</controlfield>
  <controlfield tag="003">OSt</controlfield>
  <controlfield tag="005">20250528074010.0</controlfield>
  <controlfield tag="008">250123b        |||||||j |||| 00| 1 eng d</controlfield>
  <datafield tag="040" ind1=" " ind2=" ">
    <subfield code="b">por</subfield>
  </datafield>
  <datafield tag="041" ind1=" " ind2=" ">
    <subfield code="h">eng</subfield>
    <subfield code="a">por</subfield>
  </datafield>
  <datafield tag="082" ind1=" " ind2=" ">
    <subfield code="a">813</subfield>
    <subfield code="b">B811b</subfield>
  </datafield>
  <datafield tag="100" ind1="1" ind2=" ">
    <subfield code="a">Bradley, Marion Zimmer,</subfield>
    <subfield code="d">1930-1999</subfield>
    <subfield code="9">169</subfield>
  </datafield>
  <datafield tag="240" ind1=" " ind2=" ">
    <subfield code="a">The Mists of Avalon</subfield>
  </datafield>
  <datafield tag="245" ind1=" " ind2=" ">
    <subfield code="a">As brumas de Avalon:</subfield>
    <subfield code="b">O prisioneiro da &#xC1;rvore /</subfield>
    <subfield code="c">Bradley, Marion Zimmer ; Tradu&#xE7;&#xE3;o de Waltensir Dutra</subfield>
  </datafield>
  <datafield tag="250" ind1=" " ind2=" ">
    <subfield code="a">10&#xB0; edi&#xE7;&#xE3;o</subfield>
  </datafield>
  <datafield tag="260" ind1=" " ind2=" ">
    <subfield code="a">Rio de Janeiro</subfield>
    <subfield code="b">Imago</subfield>
    <subfield code="c">1985</subfield>
  </datafield>
  <datafield tag="300" ind1=" " ind2=" ">
    <subfield code="a">283 p.</subfield>
  </datafield>
  <datafield tag="490" ind1="1" ind2=" ">
    <subfield code="a">As Brumas de Avalon</subfield>
    <subfield code="v">livro 04</subfield>
  </datafield>
  <datafield tag="500" ind1=" " ind2=" ">
    <subfield code="a">O prisioneiro da &#xC1;rvore

Sequ&#xEA;ncia de: O Gamo-Rei</subfield>
  </datafield>
  <datafield tag="520" ind1=" " ind2=" ">
    <subfield code="a">O quarto livro encontra Morgana se aproximando do destino que a colocar&#xE1; intratavelmente contra Arthur &#x2014; seu amante, irm&#xE3;o e agora inimigo. Retornando a Camelot durante a Festa de Pentecostes, Morgana acusa Arthur de comprometer a coroa e exige que ele devolva Excalibur a ela. Quando ele se recusa, Morgana organiza um confronto entre seu amante, Acolon, e Arthur no reino das Fadas, resultando na morte de Acolon. De luto e ainda sem Excalibur, Morgana faz uma retirada apressada para Avalon. Quando ela finalmente retorna a Camelot, &#xE9; para recuperar as Sagradas Regalias de Avalon, agora sendo usadas em uma missa crist&#xE3;. Enfurecida com essa trai&#xE7;&#xE3;o, Morgana invoca a magia da Senhora, o que resulta no misterioso "desaparecimento" do c&#xE1;lice sagrado, levando os companheiros da T&#xE1;vola Redonda a embarcar em uma busca de 12 meses para encontr&#xE1;-lo. Os eventos saem do controle quando Lancelote retorna, retoma seu relacionamento ad&#xFA;ltero com Gwenhwyfar e &#xE9; finalmente exposto. O romance termina com a morte do Rei Veado e o t&#xE3;o esperado retorno de Morgana a Avalon.</subfield>
  </datafield>
  <datafield tag="650" ind1=" " ind2="0">
    <subfield code="a">Literatura Americana</subfield>
    <subfield code="9">84</subfield>
  </datafield>
  <datafield tag="650" ind1=" " ind2="0">
    <subfield code="a">Medieval </subfield>
    <subfield code="9">170</subfield>
  </datafield>
  <datafield tag="650" ind1=" " ind2="0">
    <subfield code="a">Fantasia</subfield>
    <subfield code="9">45</subfield>
  </datafield>
  <datafield tag="650" ind1=" " ind2="0">
    <subfield code="a">Aventura</subfield>
    <subfield code="9">47</subfield>
  </datafield>
  <datafield tag="650" ind1=" " ind2="0">
    <subfield code="a">Seres m&#xE1;gicos </subfield>
    <subfield code="9">46</subfield>
  </datafield>
  <datafield tag="650" ind1=" " ind2="0">
    <subfield code="a">Mitologia </subfield>
    <subfield code="9">128</subfield>
  </datafield>
  <datafield tag="650" ind1=" " ind2="0">
    <subfield code="a">Filme</subfield>
    <subfield code="9">26</subfield>
  </datafield>
  <datafield tag="655" ind1=" " ind2="0">
    <subfield code="a">Romance</subfield>
    <subfield code="9">23</subfield>
  </datafield>
  <datafield tag="655" ind1=" " ind2="0">
    <subfield code="a">Fic&#xE7;&#xE3;o </subfield>
    <subfield code="9">22</subfield>
  </datafield>
  <datafield tag="700" ind1=" " ind2=" ">
    <subfield code="a">Waltensir Dutra</subfield>
    <subfield code="e">Tradutor</subfield>
    <subfield code="9">171</subfield>
  </datafield>
  <datafield tag="830" ind1=" " ind2=" ">
    <subfield code="a">As Brumas de Avalon</subfield>
    <subfield code="v">Livro 04</subfield>
    <subfield code="9">172</subfield>
  </datafield>
  <datafield tag="942" ind1=" " ind2=" ">
    <subfield code="2">ddc</subfield>
    <subfield code="n">0</subfield>
    <subfield code="c">BK</subfield>
  </datafield>
  <datafield tag="952" ind1=" " ind2=" ">
    <subfield code="0">0</subfield>
    <subfield code="1">0</subfield>
    <subfield code="2">ddc</subfield>
    <subfield code="3">vol. 04</subfield>
    <subfield code="4">0</subfield>
    <subfield code="7">0</subfield>
    <subfield code="8">FIC</subfield>
    <subfield code="a">BIBIB</subfield>
    <subfield code="b">BIBIB</subfield>
    <subfield code="c">LE</subfield>
    <subfield code="d">2022-03-30</subfield>
    <subfield code="e">doa&#xE7;&#xE3;o</subfield>
    <subfield code="l">0</subfield>
    <subfield code="o">813 / B811b</subfield>
    <subfield code="p">2025-16588</subfield>
    <subfield code="r">2025-01-23 08:06:13</subfield>
    <subfield code="w">2025-01-23</subfield>
    <subfield code="y">BK</subfield>
  </datafield>
  <datafield tag="999" ind1=" " ind2=" ">
    <subfield code="c">67</subfield>
    <subfield code="d">67</subfield>
  </datafield>
</record>
